000
00306nam a22001457a 4500
008
221025b ||||| |||| 00| 0 eng d
020
_a
9780714847894
041
_a
eng
080
_a
7
082
_a
7PHA
100
_a
21.1
101
_a
ART
245
_a
30,000YEARS OF ART
_c
PHAIDON
942
_2
udc
_c
BK
999
_c
58672
_d
58672